Weibliche Vornamen, die nicht auf einen Vokal enden - Statistiken

Allgemein
  • Dieses Quiz wurde 819 mal gespielt
  • Das Durchschnittsergebnis liegt bei 13 aus 25
Antwortstatistiken
Namensträgerinnen Vorname % Korrekt
Lindgren (Autorin), Kumbernuss (Kugelstoßerin) Astrid
98%
Aniston (Schauspielerin), Lopez (Sängerin) Jennifer
81%
Kebekus (Komikerin), Emcke (Journalistin) Carolin
76%
von Bingen (Äbtissin), Knef (Schauspielerin) Hildegard
70%
Schrowange (Moderatorin), Prinz (Fußballspielerin) Birgit
66%
Williams (Unternehmerin), Rakers (Journalistin) Judith
66%
Electra (Model), Nebel (Moderatorin) Carmen
65%
Courths-Mahler (Autorin), Harry Potters Eule Hedwig
65%
Moschner (Moderatorin), Bader Ginsburg (Juristin) Ruth
65%
Hamann (Schauspielerin), Burdecki (Reality-Star) Evelyn
61%
Krabbe (Schwimmerin), Göring-Eckardt (Politikerin) Katrin
61%
Hancke (Schauspielerin), Piaf (Sängerin) Edith
55%
Bas (Bundestagspräsidentin), Schäfer (Moderatorin) Bärbel
54%
Bergman (Schauspielerin), van Bergen (Schauspielerin) Ingrid
54%
Dörrie (Regisseurin), Day (Schauspielerin/Sängerin) Doris
53%
Ofarim (Sängerin), Schweins (Schauspielerin) Esther
45%
Werth (Dressurreiterin), Varell (Sängerin/Schauspielerin) Isabel
45%
Kroymann (Schauspielerin/Kabarettistin), Gilzer (Schauspielerin/Moderatorin) Maren
42%
Volkmann (Schauspielerin), Schwarzkopf (Opernsängerin) Elisabeth
36%
Ensslin (Terroristin), Pausewang (Autorin) Gudrun
36%
Tabatabai (Schauspielerin), Gerat (Schauspielerin) Jasmin
34%
von Oranien-Nassau (niederländische Königin 1980-2013), Potter (Kinderbuchautorin) Beatrix
30%
Hoppe (Autorin), Woll (Schauspielerin) Felicitas
26%
Cotillard (Schauspielerin), Gräfin Dönhoff (Journalistin) Marion
23%
Makeba (Sängerin), Margolyes (Schauspielerin) Miriam
22%
Keine übereinstimmenden Quizze gefunden
Verteilung der Resultate
Anzahl Personen mit jedem Resultat
Perzentil nach korrekt beantworteten Fragen
Ihre Resultats-Entwicklung
Sie haben dieses Quiz noch nicht gespielt